Estilos de vida saludables de los estudiantes del nivel secundario de 14 a 17 años, pertenecientes en el distrito educativo 09-03, año escolar 2023-2024 / (Record no. 13426)
[ view plain ]
| 000 -LEADER | |
|---|---|
| campo de control de longitud fija | 01780nmm a22003374i 4500 |
| 001 - NÚMERO DE CONTROL | |
| campo de control | 35186 |
| 003 - IDENTIFICADOR DE NÚMERO DE CONTROL | |
| campo de control | DO-SdISF |
| 005 - FECHA Y HORA DE LA ÚLTIMA TRANSACCIÓN | |
| campo de control | 20250506133632.0 |
| 007 - CAMPO FIJO DE DESCRIPCIÓN FÍSICA--INFORMACIÓN GENERAL | |
| campo de control de longitud fija | ta |
| 008 - DATOS DE LONGITUD FIJA--INFORMACIÓN GENERAL | |
| campo de control de longitud fija | 240529s2025 dr ||||fo||d| 00| 0 spa d |
| 040 ## - FUENTE DE CATALOGACIÓN | |
| Centro catalogador/agencia de origen | DO-SdISF |
| Lengua de catalogación | spa |
| Normas de descripción | rda |
| 100 1# - ENTRADA PRINCIPAL--NOMBRE DE PERSONA | |
| Nombre de persona | Torres Gómez, Edward José |
| Término indicativo de función/relación | autor |
| 9 (RLIN) | 34131 |
| 245 10 - MENCIÓN DEL TÍTULO | |
| Título | Estilos de vida saludables de los estudiantes del nivel secundario de 14 a 17 años, pertenecientes en el distrito educativo 09-03, año escolar 2023-2024 / |
| Mención de responsabilidad, etc. | sustentada por: Edward José Torres Gómez ; asesor: Luis Miguel Pacheco Ferreira |
| 264 #1 - PRODUCCIÓN, PUBLICACIÓN, DISTRIBUCIÓN, FABRICACIÓN Y COPYRIGHT | |
| Producción, publicación, distribución, fabricación y copyright | Santiago de los Caballeros : |
| Nombre del de productor, editor, distribuidor, fabricante | ISFODOSU, |
| Fecha de producción, publicación, distribución, fabricación o copyright | 2025 |
| 300 ## - DESCRIPCIÓN FÍSICA | |
| Extensión | 1 recurso en línea (97 páginas) : |
| Otras características físicas | ilustraciones |
| 336 ## - TIPO DE CONTENIDO | |
| Fuente | rdacontent |
| Término de tipo de contenido | texto |
| Código de tipo de contenido | txt |
| 337 ## - TIPO DE MEDIO | |
| Nombre/término del tipo de medio | Computadora |
| Código del tipo de medio | c |
| Fuente | rdamedia |
| 338 ## - TIPO DE SOPORTE | |
| Nombre/término del tipo de soporte | recurso en línea |
| Código del tipo de soporte | cr |
| Fuente | rdacarrier |
| 347 ## - CARACTERÍSTICAS DEL ARCHIVO DIGITAL | |
| Fuente | rda |
| Tipo de archivo | archivo de texto |
| Formato de codificación | |
| 502 ## - NOTA DE TESIS | |
| Nota de tesis | Tesis para optar por el título de Maestría en Educación Física Integral - Instituto Superior de Formación Docente Salomé Ureña - ISFODOSU, Recinto LNNM, 2025. |
| 504 ## - NOTA DE BIBLIOGRAFÍA, ETC. | |
| Nota de bibliografía, etc. Nota | Referencias bibliográficas en página 57. |
| 505 2# - NOTA DE CONTENIDO CON FORMATO | |
| Nota de contenido con formato | Introducción -- Marco teórico -- La metodología -- Resultados -- Discusión de los resultados -- Conclusiones -- Recomendaciones -- Anexos. |
| 610 24 - PUNTO DE ACCESO ADICIONAL DE MATERIA--NOMBRE DE ENTIDAD CORPORATIVA | |
| Nombre de entidad corporativa o nombre de jurisdicción como elemento de entrada | Instituto Superior de Formación Docente Salomé Ureña |
| Subdivisión de forma | Tesis |
| Fuente del encabezamiento o término | armarc |
| 9 (RLIN) | 20677 |
| 650 14 - PUNTO DE ACCESO ADICIONAL DE MATERIA--TÉRMINO DE MATERIA | |
| Término de materia o nombre geográfico como elemento de entrada | Salud escolar |
| 9 (RLIN) | 9464 |
| 650 17 - PUNTO DE ACCESO ADICIONAL DE MATERIA--TÉRMINO DE MATERIA | |
| Término de materia o nombre geográfico como elemento de entrada | Estilos de vida |
| 9 (RLIN) | 20982 |
| 650 17 - PUNTO DE ACCESO ADICIONAL DE MATERIA--TÉRMINO DE MATERIA | |
| Término de materia o nombre geográfico como elemento de entrada | Educación secundaria |
| Subdivisión general | Estudiantes |
| Fuente del encabezamiento o término | armarc |
| Subdivisión geográfica | República Dominicana |
| 9 (RLIN) | 25658 |
| 650 17 - PUNTO DE ACCESO ADICIONAL DE MATERIA--TÉRMINO DE MATERIA | |
| Término de materia o nombre geográfico como elemento de entrada | Estilos de vida |
| 9 (RLIN) | 20982 |
| 700 1# - ENTRADA AGREGADA--NOMBRE PERSONAL | |
| Nombre de persona | Pacheco Ferreira, Luis Miguel |
| 9 (RLIN) | 31269 |
| Término indicativo de función/relación | asesor |
| 856 ## - LOCALIZACIÓN Y ACCESO ELECTRÓNICOS | |
| Texto de enlace | Clic para ver Texto Completo |
| Identificador Uniforme de Recurso | <a href="https://biblioteca.isfodosu.edu.do/cgi-bin/koha/opac-retrieve-file.pl?id=ff36f840bc7cbecd03ac61aae370f21d">https://biblioteca.isfodosu.edu.do/cgi-bin/koha/opac-retrieve-file.pl?id=ff36f840bc7cbecd03ac61aae370f21d</a> |
| 942 ## - ELEMENTOS DE ENTRADA SECUNDARIOS (KOHA) | |
| Fuente de la clasificación o esquema de estantería | |
| Tipo de ítem Koha | |
No items available.